Guess that Cubs Player's Number - Statistics

General Stats
  • This quiz has been taken 54 times
  • The average score is 18 of 35
Answer Stats
Player # % Correct
Kris Bryant 17
90%
Javier Baez 9
90%
Anthony Rizzo 44
87%
Ian Happ 8
77%
Ben Zobrist 18
74%
Addison Russell 27
74%
Jon Lester 34
71%
Jake Arrieta 49
71%
Jason Heyward 22
68%
Ryne Sandberg 23
68%
Willson Contreras 40
68%
Kyle Schwarber 12
65%
Ernie Banks 14
65%
Sammy Sosa 21
58%
John Lackey 41
55%
Ron Santo 10
52%
Mark Grace 17
52%
Andre Dawson 8
48%
Alfonso Soriano 12
45%
Carl Edwards Jr 6
45%
Derrek Lee 25
42%
Kerry Wood 34
42%
Aramis Ramirez 16
39%
Greg Maddux 31
39%
Geovany Soto 18
35%
Fergie Jenkins 31
35%
Pedro Strop 46
35%
Hector Rondon 56
35%
Mark Prior 22
32%
Billy Williams 26
32%
Rick Sutcliffe 40
29%
Ryan Dempster 46
29%
Wade Davis 71
29%
Jody Davis 7
26%
Randy Hundley 9
19%
No matching quizzes found
Score Distribution
Percent of People with Each Score
Percentile by Number Answered
Your Score History
You have not taken this quiz